000 00990naa a2200265 4500
005 20090613134928.0
008 090613t xxu||||| |||| 00| 0 eng d
010 _aENG-93973
020 _a9788180546082
_c235.00
035 _aEN-77506
037 _bDBAD / PUB
040 _adpl
_bEnglish
082 _a658.8
100 _aGupta, C.B.
245 _aMarketing management /
_cby C.B. Gupta [and] N. Rajan Nair
250 _a12th thoroughly rev. ed.
260 _aNew Delhi
_bSultan Chand
_c2009
270 _a23, Daryaganj
_bNew Delhi
_e110 002
_k23243183, 23247051
_l011-23266357
300 _avarious paging
_c24cm(pbk)
500 _aIncludes bibliographical references and index
650 _aMarkeating Management
700 _aNair, N. Rajan
942 _adpl
_cEN
_2ddc
_h658.8
_mGUP
999 _c27411
_d27411